000 00481nam a2200169 a 4500
001 1416
005 20180713181452.0
008 140415s1981 000 0 spa d
041 _aspa
082 _a690
_bPEU
100 1 _aPEURIFOY, L. R.
245 1 0 _aMETODOS PLANEAMIENTO Y EQUIPO DE CONSTRUCCION
260 _a[s.l.] :
_bED. DIANA,
_c1981
300 _a597
650 1 4 _aCONSTRUCCION
_xEQUIPO
_xCONSTRUCCION
_xHERRAMIENTAS
700 1 _aSANDOVAL, JAIME F.
_etr.
999 _c1416
_d1416